Over/Under: Just for Fun Quiz Stats

 Plays Quiz Updated Jan 25, 2018

Challenge
Share
Tweet
Embed
Score 0/24 Timer 03:00
2 Plays Today
Question and Number Over or Under? % Correct
Stripes on the U.S. flag: 48???
77.8%
Nephews of Donald Duck: 4???
77.8%
Greek letters: 33???
76.6%
Countries ending in 'STAN': 6???
76.5%
Seasons that M*A*S*H aired: 9???
74.8%
U.S. Presidents from Whig party: 7???
74.5%
Montreal Canadiens Stanley Cups: 31???
72.6%
Santa's reindeer: 11???
72.6%
U.S. states that are commonwealths: 5???
72.3%
Sean Connery Bond films: 9???
70.9%
Shakespeare sonnets: 88???
65.6%
NY Yankee World Championships: 25???
60%
Question and Number Over or Under? % Correct
NATO member states: 24 ???
58.8%
Sporcle categories: 12???
58.7%
Beatles Grammy Award wins: 21???
55.8%
Popes named John: 18???
53.9%
Electoral college members: 525???
53.6%
Gaseous elements at room temp: 15???
53.5%
UN member nations: 197???
51.7%
Declaration of Independence signers: 45???
44.1%
Japanese islands: 1,155???
43.9%
Official Olympic languages: 6???
42.7%
Arab League states: 15???
39.1%
John Williams Oscar nominations: 33???
33.6%

You're not logged in!

Compare scores with friends on all Sporcle quizzes.
OR
Log In

You Might Also Like...

Show Comments

Extras

Top Quizzes Today


Score Distribution

Your Account Isn't Verified!

In order to create a playlist on Sporcle, you need to verify the email address you used during registration. Go to your Sporcle Settings to finish the process.

Report this User

Report this user for behavior that violates our Community Guidelines.

Details: